000 01002nam a2200325Ia 4500
005 20211111074827.0
008 130821s2002 sp gr spa
020 _a8472454665
040 _aCo-BoUCM
_bspa
041 0 0 _aspa
100 1 _aSmith, Huston
_9163639
245 1 4 _aLas religiones del mundo
_cHuston Smith; traducción de Beatriz López Buisán
250 _a3a. Ed.
260 _aBarcelona (España)
_bEditorial Kairós
_c2002
300 _a402 páginas
504 _aIncluye bibliografía.
650 0 4 _aBudismo
_910234
650 0 4 _aConfucianismo
_911597
650 0 4 _aCristianismo
_912174
650 0 4 _aHinduismo
_916848
650 0 4 _aIglesias
_917149
650 0 4 _aIslamismo
_918035
650 0 4 _aJudaísmo
_918093
650 0 4 _aReligiones
_xInvestigaciones
_923519
650 0 4 _aTaoísmo
_925029
700 1 _aLópez Buisán, Beatriz
_etrad.
_9163640
765 4 _aThe world's religions
942 _cLIBRO
_a4
_e3
_mS642r
_2DEWEY
_h291
999 _c53384
_d53384